000 00837nam a2200253Ia 4500
003 OSt
005 20221005112705.0
006 a|||||r|||| 00| 0
007 ta
008 221004b |||||||| |||| 00| 0 pan d
020 _a8180590127 (pbk)
024 _a15245
037 _bGift, 19/01/2015,
_cTextual
040 _aCRL
_cCRL
_bpan
041 _2pan
_apan
082 _aO153,3N191,PI, J6;P0
100 _aਅੰਮ੍ਰਿਤਾ ਪ੍ਰੀਤਮ, ਂਚ.
245 0 _aਪਿੰਜਰ
260 _aਦਿੱਲੀ
_bF੍ਰੀ ਪ੍ਰਕਾFਨ ਭਾਰਤ
_c2010
300 _a87ਪੰ
_ccm.
650 _aਪੰਜਾਬੀ ਸਾਹਿਤ
942 _hO153,3N191,PI, J6;P0
_cTEXL
_2cc
999 _c1025666
_d1025666